| 000 | 00599nam a2200181Ia 4500 | ||
|---|---|---|---|
| 003 | IN-BaIIA | ||
| 008 | 211028s9999 xx 000 0 eng d | ||
| 040 | _cIIA Library | ||
| 080 |
_a(035)624 _bISI |
||
| 110 | _aIndian Standards Institution | ||
| 245 | 0 |
_aIndian Standard Handbook on Concrete Mixes (Based on Indian Standards) _cIndian Standards Institution |
|
| 260 |
_aNew Delhi _bIndian Standards Institution _c1983 |
||
| 300 | _axv,144p. | ||
| 650 |
_aCivil Engineering-Standards _914814 |
||
| 650 | _aNASA Thesaurus | ||
| 650 |
_aStandards _98876 |
||
| 942 | _cBK | ||
| 999 |
_c8807 _d8807 |
||